000 00606nam a22001817a 4500
003 CEME
005 20210628205108.0
008 210225b xxu||||| |||| 00| 0 eng d
020 _a0-89006-527-6
040 _c.
082 _a621.38152 MEE'Y
100 _aPurviance, J Meehan, M. D
_973862
245 _aYield and reliability in microwave circuit and system design
260 _aBOSTON
_bARTECH HOUSE
_c1993
300 _a276P
650 _aCOMPLETE AIDED DESIGN ENGINEERING DESIGN STATISTICAL METHOD MICROWAVES INTEGRATED CIRCUIT DESIGN AND CONSTRUCTION STATISTICAL METHOD
_973863
942 _cBK
_2ddc
999 _c579493
_d579493